All things red - Statistics

General Stats
  • This quiz has been taken 43 times
  • The average score is 10 of 11
Answers on the Grid
Answers color-coded by a green-red scale on the quiz's grid according to % correct below.
Fire truck
Apples
Stop sign
Cardinal
Strawberry
Rose
Lobster
Tomato
Ketchup
Heart
Sun
Table
Pencil
Grapes
Car
Laptop
 
Answer Stats
Answer % Correct
Heart
100%
Strawberry
100%
Apples
96%
Fire truck
96%
Lobster
96%
Rose
96%
Stop sign
96%
Tomato
96%
Cardinal
87%
Ketchup
87%
Grapes
57%
No matching quizzes found
Score Distribution
Percent of People with Each Score
Percentile by Number Answered
Your Score History
You have not taken this quiz